Animal world / (Record no. 307204)
[ view plain ]
| 000 -LEADER | |
|---|---|
| fixed length control field | 02016cam a2200433Mi 4500 |
| 001 - CONTROL NUMBER | |
| control field | on1011461885 |
| 003 - CONTROL NUMBER IDENTIFIER | |
| control field | OCoLC |
| 005 - DATE AND TIME OF LATEST TRANSACTION | |
| control field | 20200320211004.0 |
| 008 - FIXED-LENGTH DATA ELEMENTS--GENERAL INFORMATION | |
| fixed length control field | 171021t20182018nyua j b 001 0 eng d |
| 020 ## - INTERNATIONAL STANDARD BOOK NUMBER | |
| International Standard Book Number | 1508193444 |
| 020 ## - INTERNATIONAL STANDARD BOOK NUMBER | |
| International Standard Book Number | 9781508193449 |
| 020 ## - INTERNATIONAL STANDARD BOOK NUMBER | |
| Terms of availability | 18.45 |
| 035 ## - SYSTEM CONTROL NUMBER | |
| System control number | (OCoLC)1011461885 |
| 040 ## - CATALOGING SOURCE | |
| Original cataloging agency | CHILD |
| Language of cataloging | eng |
| Description conventions | rda |
| Transcribing agency | CHILD |
| Modifying agency | SINLB |
| -- | WACOL |
| 049 ## - LOCAL HOLDINGS (OCLC) | |
| Holding library | WACL |
| 082 14 - DEWEY DECIMAL CLASSIFICATION NUMBER | |
| Classification number | 590 |
| Edition number | 14 |
| 092 ## - LOCALLY ASSIGNED DEWEY CALL NUMBER (OCLC) | |
| Classification number | E |
| Item number | Pot |
| 100 1# - MAIN ENTRY--PERSONAL NAME | |
| Personal name | Potter, William, |
| Relator term | author. |
| 9 (RLIN) | 22409 |
| 245 10 - TITLE STATEMENT | |
| Title | Animal world / |
| Statement of responsibility, etc | William Potter. |
| 264 #1 - Production, Publication, Distribution, Manufacture, and Copyright Notice. | |
| Place of production, publication, distribution, manufacture | New York, NY : |
| Name of producer, publisher, distributor, manufacturer | Windmill Books, an imprint of Rosen Publishing, |
| Date of production, publication, distribution, manufacture, or copyr | 2018. |
| 264 #4 - Production, Publication, Distribution, Manufacture, and Copyright Notice. | |
| Date of production, publication, distribution, manufacture, or copyr | ©2018 |
| 300 ## - PHYSICAL DESCRIPTION | |
| Extent | 24 pages : |
| Other physical details | color illustrations ; |
| Dimensions | 29 cm. |
| 336 ## - Content Type | |
| Content type term | text |
| 336 ## - Content Type | |
| Content type term | still image |
| 337 ## - Media type | |
| Media type term | unmediated |
| 338 ## - Carrier type | |
| Carrier type term | volume |
| 490 1# - SERIES STATEMENT | |
| Series statement | Spot and discover |
| 504 ## - BIBLIOGRAPHY, ETC. NOTE | |
| Bibliography, etc | Includes bibliographical references (page 24) and index. |
| 520 ## - SUMMARY, ETC. | |
| Summary, etc | Animals are everywhere. This delightful volume encourages readers to put their observation skills to the test and find a variety of animals in some of their many different habitats around the world. Each puzzle reinforces counting skills by challenging readers to find a certain number of each animal. Beautiful illustrations engage readers, while accessible text helps them learn fun facts about each of the animals they are searching for. This stimulating book will be especially popular among animal lovers and will make a wonderful addition to any library or classroom. |
| 521 2# - TARGET AUDIENCE NOTE | |
| Target audience note | K123. |
| 521 8# - TARGET AUDIENCE NOTE | |
| Target audience note | H |
| Source | Fountas and Pinnell. |
| 650 #0 - SUBJECT ADDED ENTRY--TOPICAL TERM | |
| Topical term or geographic name as entry element | Animals |
| Form subdivision | Juvenile literature. |
| 9 (RLIN) | 5675176 |
| 800 1# - SERIES ADDED ENTRY--PERSONAL NAME | |
| Personal name | Potter, William |
| Titles and other words associated with a name | (Writer of children's books). |
| Title of a work | Spot and discover. |
| 9 (RLIN) | 5965296 |
| 938 ## - | |
| -- | Children's Plus, Inc. |
| -- | CHIL |
| -- | 2052181 |
| 942 ## - ADDED ENTRY ELEMENTS (KOHA) | |
| Koha item type | BOOK |
| 948 ## - LOCAL PROCESSING INFORMATION (OCLC); SERIES PART DESIGNATOR (RLIN) | |
| Series part designator, SPT (RLIN) | 03/21/2018 |
| z (OCLC) | Sirsi |
| 994 ## - | |
| -- | C0 |
| -- | WACOL |
| 996 ## - | |
| -- | 148527 |
| -- | 34301001546581 |
| -- | E |
| -- | bk |
| -- | wcl |
| -- | o |
| -- | 20 |
| -- | 24.60 |
| -- | librariansbookexpress |
| -- | Pot |
| -- | 03/30/2018 |
| -- | 02/26/2020 |
| -- | 03/12/2020 |
| Withdrawn status | Lost status | Source of classification or shelving scheme | Damaged status | Not for loan | Collection code | Home library | Current library | Shelving location | Date acquired | Cost, normal purchase price | Total Checkouts | Total Renewals | Full call number | Barcode | Date last seen | Date checked out | Cost, replacement price | Price effective from | Koha item type |
|---|---|---|---|---|---|---|---|---|---|---|---|---|---|---|---|---|---|---|---|
| Dewey Decimal Classification | Children NonFiction | Wasatch County Library | Wasatch County Library | Main Floor Childrens Area | 03/30/2018 | 24.60 | 31 | 11 | E Math Puzzles Potter | 34301001546581 | 02/04/2026 | 12/31/2025 | 24.60 | 03/20/2020 | BOOK |
